00267nam a22000857a 4500008004100000082001800041110007100059245004200130300000900172230605b xxu||||| |||| 00| 0 eng d a328.775bW819 bJoint committee on Legislative OrganizationcWisconsin Legislature aState of Wiscoin Blue Bookb2009-2010 a980p